01055cam a22002531 4500001001300000003000400013005001700017007001500034008004100049010001700090035001900107040006000126042001200186050002000198110006500218245023000283260004300513300001900556500005100575530006900626610003800695856005100733999001700784war09000041 DLC20260227112809.0cr_|||||||||||770321s1908 dcu f000 0 eng c awar09000041  a(OCoLC)2822570 aLibrary, Military Information DivisioncODadOCoLCdDLC apremarc00aUB243b.A5 19081 aUnited States.bWar Department.bInspector General's Office.12aA guide for the use of officers of the Inspector-General's Department, 1908.cPrepared under direction of the Inspector-General of the Army. Published by authority of the Secretary of War. (Revised to include August 31, 1908) aWashington,bGovt. Print. Off.,c1908. a289 p.c20 cm. aOn verso of t.p.: War Dept., Document no. 333. aAlso available in digital form on the Internet Archive Web site.10aUnited States.bArmyxInspection.41uhttp://hdl.loc.gov/loc.gdc/scd0001.00115211882 c92131d92131